000 00520nam a2200157 a 4500
001 000035120
005 20200930074122.0
008 111025s1958 uy 000 0 spa d
040 _aDO-SdBNP
_bspa
_cBNPHU
100 1 _aBonavita, Luis Pedro,
_d1903-1971
_960797
245 1 0 _aCrónica general de la nación /
_cLuis Pedro Bonavita.
260 _aMontevideo :
_b[s.l.],
_c1958.
300 _a177, [5] p. ;
_c20 cm.
590 _aPerteneció a la biblioteca Juan Isidro Jimenes Grullón
651 4 _aUruguay
_xHistoria
_916314
999 _c34611
_d34611